000 00427nam a2200145Ia 4500
008 100204s9999 xx 000 0 und d
082 _b9922
100 _aजोखर रामचंद्र्र
245 _aउष:काल
260 _b"रावजी प्रकाशन , डोंबिवली"
_c1987
300 _a162
630 _aउष:काल
730 _aउष:काल
942 _cBOOK
999 _c454358
_d454355